| 000 | 00417nam a2200145Ia 4500 | ||
|---|---|---|---|
| 008 | 131103s9999 xx 000 0 und d | ||
| 040 | _aLoreto College | ||
| 041 | _aEnglish | ||
| 082 |
_a342.947/CON _bLCLIB/43677 |
||
| 100 | _aWest Bengal Political Science Association, Kolkata | ||
| 245 | 4 | _aThe constitution of the Russian Federation | |
| 700 | _aDe, Swadhin, General Secretary | ||
| 850 | _aLCLIB | ||
| 942 | _cBK | ||
| 999 |
_c4106 _d54585 |
||